[Event "2. Bundesliga Mitte 2005/2006"]
[Site "Ansfelden"]
[Date "2006.02.05"]
[Round "7.6"]
[White "Manhardt, Thomas"]
[Black "Steiner, Stefan"]
[Result "1/2-1/2"]
[WhiteElo "2121"]
[BlackElo "2215"]
[PlyCount "108"]
[EventDate "2006.??.??"]

1. e4 Nc6 2. d4 d5 3. e5 Bf5 4. c3 e6 5. Bd3 Nge7 6. f4 h5 7. Nf3 Qd7 8. a4
Bxd3 9. Qxd3 Nf5 10. Be3 a5 11. O-O Be7 12. Na3 Bxa3 13. Rxa3 Nce7 14. Bd2 Nc8
15. b3 Nce7 16. Rc1 O-O 17. g3 Rfc8 18. Kg2 c5 19. Raa1 c4 20. Qb1 Rc7 21. h3
g6 22. g4 Ng7 23. Rc2 cxb3 24. Qxb3 Qc6 25. Rb2 Ra6 26. Rab1 Nc8 27. Qb5 Nb6
28. Be1 Qxb5 29. Rxb5 Rc6 30. c4 dxc4 31. Bxa5 Nxa4 32. Rxb7 Rc8 33. Rc7 Raa8
34. Rbb7 Rxc7 35. Rxc7 Ne8 36. Re7 c3 37. Ne1 Kg7 38. Bb4 Rc8 39. Nc2 Nc7 40.
Kf3 Nd5 41. Rb7 hxg4+ 42. hxg4 Nab6 43. Bc5 Nc4 44. f5 Kg8 45. f6 Nd2+ 46. Ke2
Ne4 47. Ba3 Ra8 48. Kf3 Nd2+ 49. Ke2 Nc4 50. Bc1 Kf8 51. Na3 Na5 52. Bh6+ Ke8
53. Rb1 c2 54. Rb2 Kd7 1/2-1/2

[Event "2. Bundesliga Mitte 2005/2006"]
[Site "?"]
[Date "2006.03.04"]
[Round "8.1"]
[White "Fahrner, Kurt"]
[Black "Dervishi, Erald"]
[Result "0-1"]
[WhiteElo "2380"]
[BlackElo "2489"]
[PlyCount "77"]
[EventDate "2006.03.04"]
[SourceDate "2006.03.04"]

1. d4 Nf6 2. c4 e6 3. Nc3 d5 4. cxd5 exd5 5. Bg5 Be7 6. e3 O-O 7. Bd3 Nbd7 8.
Nf3 Re8 9. O-O c6 10. Qc2 Nf8 11. h3 g6 12. Bxf6 Bxf6 13. b4 a6 14. a4 Be6 15.
b5 cxb5 16. axb5 a5 17. Ne5 Bxe5 18. dxe5 Rc8 19. Qb2 f6 20. exf6 Qxf6 21. Rfc1
b6 22. Na4 Qxb2 23. Nxb2 Nd7 24. Na4 Kf7 25. Bf1 Ke7 26. Rc6 Rxc6 27. bxc6 Ne5
28. Rb1 Nxc6 29. Rxb6 Bd7 30. Nc5 Rb8 31. Nxd7 Kxd7 32. Ra6 Kc7 33. g4 Rb1 34.
Ra8 Kb7 35. Rh8 a4 36. Rxh7+ Kb6 37. Rh8 Ra1 38. Ra8 Kb7 39. Rg8 0-1

[Event "2. Bundesliga Mitte 2005/2006"]
[Site "?"]
[Date "2006.03.04"]
[Round "8.1"]
[White "Horvath, Peter"]
[Black "Kotz, Heinz Peter"]
[Result "1-0"]
[WhiteElo "2458"]
[BlackElo "2343"]
[PlyCount "91"]
[EventDate "2006.03.04"]
[SourceDate "2006.03.04"]

1. d4 Nf6 2. c4 g6 3. g3 Bg7 4. Bg2 O-O 5. Nc3 d6 6. Nf3 Nbd7 7. O-O e5 8. e4
a6 9. Re1 exd4 10. Nxd4 Ng4 11. h3 Qf6 12. Nf3 Nge5 13. Nxe5 Nxe5 14. Nd5 Qd8
15. Ne3 Be6 16. Qc2 Qd7 17. f4 Nc6 18. Kh2 Nd4 19. Qf2 c5 20. Bd2 Rab8 21. Rac1
b5 22. b3 f5 23. exf5 gxf5 24. cxb5 axb5 25. Nc2 Rfe8 26. Nxd4 Bxd4 27. Be3
Bxe3 28. Rxe3 Bf7 29. Rd3 c4 30. bxc4 bxc4 31. Rd2 Qe7 32. Qd4 Rb5 33. Rxc4 Ra5
34. Ra4 Rxa4 35. Qxa4 Qe3 36. Qa5 Re6 37. Bd5 Rg6 38. Bxf7+ Kxf7 39. Qxf5+ Kg7
40. Rg2 Qf3 41. a4 h5 42. a5 Rf6 43. Qg5+ Kf7 44. a6 Re6 45. Qb5 h4 46. Qb7+
1-0

[Event "2. Bundesliga Mitte 2005/2006"]
[Site "?"]
[Date "2006.03.04"]
[Round "8.1"]
[White "Ebner, Hubert"]
[Black "Bachler, Reinhard"]
[Result "0-1"]
[WhiteElo "2281"]
[BlackElo "2235"]
[PlyCount "160"]
[EventDate "2006.03.04"]
[SourceDate "2006.03.04"]

1. d4 f5 2. g3 Nf6 3. Bg2 c5 4. Nf3 cxd4 5. Nxd4 g6 6. O-O Nc6 7. c4 Bg7 8. Nc3
O-O 9. c5 Kh8 10. Ndb5 Qa5 11. Qa4 Qxa4 12. Nxa4 Ne8 13. Rd1 a6 14. Nbc3 d6 15.
Nb6 Rb8 16. Bf4 Be5 17. Bxc6 bxc6 18. Bxe5+ dxe5 19. Nxc8 Rxc8 20. Rd7 e6 21.
Rad1 Nf6 22. Re7 Rfe8 23. Rxe8+ Nxe8 24. Rd7 Kg8 25. h4 e4 26. Kg2 Rc7 27. Rd8
Kf7 28. Ra8 Rb7 29. b3 Nc7 30. Rh8 Kg7 31. Rd8 Nb5 32. Na4 Kf6 33. e3 h5 34.
Ra8 Ra7 35. Rc8 Rc7 36. Ra8 Ra7 37. Rf8+ Ke7 38. Rh8 Kf6 39. Rc8 Rc7 40. Rd8
Ke7 41. Rb8 Rd7 42. Rb6 Rd2 43. Rxa6 Rxa2 44. Rxc6 Na3 45. Kf1 Nb1 46. Rd6 Nd2+
47. Kg2 Nxb3 48. Rb6 Nc1 49. Nb2 e5 50. Kf1 Kd7 51. Rd6+ Kc7 52. Rd1 Kc6 53.
Rxc1 Rxb2 54. Ra1 Kxc5 55. Ra5+ Rb5 56. Ra8 Rb6 57. Re8 Kd6 58. Rg8 Ke7 59. Ra8
Kf7 60. Ra4 Kf6 61. Kg2 g5 62. hxg5+ Kxg5 63. Rc4 h4 64. gxh4+ Kxh4 65. Rc5 Re6
66. Rc4 Rg6+ 67. Kf1 Kg4 68. Ke2 Ra6 69. f3+ Kg3 70. fxe4 Ra2+ 71. Ke1 Ra1+ 72.
Kd2 f4 73. exf4 exf4 74. e5 f3 75. Rc8 f2 76. Rg8+ Kh4 77. Rf8 f1=Q 78. Rxf1
Rxf1 79. Ke3 Kg5 80. Ke4 Re1+ 0-1

[Event "2. Bundesliga Mitte 2005/2006"]
[Site "?"]
[Date "2006.03.04"]
[Round "8.1"]
[White "Kreisl, Robert"]
[Black "Aschenbrenner, Robert"]
[Result "1-0"]
[WhiteElo "2288"]
[BlackElo "2245"]
[PlyCount "93"]
[EventDate "2006.03.04"]
[SourceDate "2006.03.04"]

1. e4 c5 2. Nf3 e6 3. c3 b6 4. d4 Bb7 5. Bd3 Nf6 6. Qe2 Be7 7. Nbd2 d5 8. e5
Nfd7 9. O-O Nc6 10. a3 g5 11. b4 c4 12. Bc2 Qc7 13. Ne1 O-O-O 14. f4 gxf4 15.
Ndf3 Rdg8 16. Bxf4 h5 17. Qe3 h4 18. h3 Nd8 19. Nh2 Qc6 20. a4 a6 21. Nef3 f6
22. b5 axb5 23. axb5 Qc7 24. exf6 Bd6 25. Bxd6 Qxd6 26. Ne5 Nxe5 27. Qxe5 Qxe5
28. dxe5 d4 29. Ng4 d3 30. Bd1 Nf7 31. Bf3 Bxf3 32. Rxf3 Kb7 33. Rff1 Ra8 34.
Kf2 Rhc8 35. Ke3 Rxa1 36. Rxa1 Rc5 37. Kd4 Rxb5 38. Kxc4 Rd5 39. Kb3 Nxe5 40.
c4 Rc5 41. Rd1 Nxc4 42. Rxd3 b5 43. Kb4 Kb6 44. f7 Rc8 45. Rd7 Rf8 46. Re7 e5
47. Nf6 1-0

[Event "2. Bundesliga Mitte 2005/2006"]
[Site "?"]
[Date "2006.03.04"]
[Round "8.1"]
[White "Kastner, Walter"]
[Black "Dietmayer Kraeutler, Marco"]
[Result "0-1"]
[WhiteElo "2263"]
[BlackElo "2213"]
[PlyCount "108"]
[EventDate "2006.03.04"]
[SourceDate "2006.03.04"]

1. Nf3 d5 2. c4 e6 3. g3 Nf6 4. Bg2 Be7 5. O-O O-O 6. d4 Ne4 7. Nc3 f5 8. Qc2
c6 9. Rb1 Nd7 10. b4 a6 11. a4 Nxc3 12. Qxc3 Nb6 13. c5 Nxa4 14. Qc2 b5 15.
cxb6 Nxb6 16. Ne5 Bd6 17. Qxc6 Bxe5 18. dxe5 Bd7 19. Qc3 Rc8 20. Qd4 Rc4 21.
Qa1 Bb5 22. Be3 Nd7 23. Rfc1 Qb8 24. Rxc4 Bxc4 25. Bf1 Qb5 26. Qb2 Rb8 27. Bd4
Rb7 28. Ra1 Qxb4 29. Qxb4 Rxb4 30. e3 Nb8 31. Bxc4 dxc4 32. Bc5 Rb5 33. Bd6 c3
34. Rc1 Nc6 35. Rxc3 Nxe5 36. Bxe5 Rxe5 37. Rc6 a5 38. Ra6 Kf7 39. h4 Rd5 40.
Kg2 Kf6 41. Kf3 h6 42. e4 Rd3+ 43. Ke2 Ra3 44. exf5 Kxf5 45. f3 h5 46. Ra8 a4
47. Kf2 g6 48. Ra5+ Kf6 49. Ra6 Ke5 50. Ra8 Ra1 51. Ke3 a3 52. Ra5+ Kf6 53. Kf2
Ke7 54. Ke3 a2 0-1

[Event "2. Bundesliga Mitte 2005/2006"]
[Site "?"]
[Date "2006.03.04"]
[Round "8.1"]
[White "Schein, Karl Heinz"]
[Black "Herndl, Gerald"]
[Result "0-1"]
[WhiteElo "2251"]
[BlackElo "2173"]
[PlyCount "54"]
[EventDate "2006.03.04"]
[SourceDate "2006.03.04"]

1. d4 d5 2. c4 e6 3. Nc3 c5 4. e3 Nf6 5. Nf3 Nc6 6. Be2 Be7 7. a3 O-O 8. dxc5
Bxc5 9. b4 Bd6 10. c5 Bb8 11. Bb2 e5 12. O-O e4 13. Nd4 Ne5 14. f4 exf3 15.
gxf3 Bh3 16. Rf2 Qe7 17. Qd2 Re8 18. Re1 a5 19. Kh1 axb4 20. axb4 Nc4 21. Bxc4
dxc4 22. Qe2 Nh5 23. Ne4 Qh4 24. Rg1 Ra2 25. Qxc4 Rxe4 26. Qxa2 Qxf2 27. f4
Rxd4 0-1

[Event "2. Bundesliga Mitte 2005/2006"]
[Site "?"]
[Date "2006.03.04"]
[Round "8.2"]
[White "Farago, Ivan"]
[Black "Gostisa, Leon"]
[Result "1-0"]
[WhiteElo "2512"]
[BlackElo "2415"]
[PlyCount "69"]
[EventDate "2006.03.04"]
[SourceDate "2006.03.04"]

1. d4 Nf6 2. c4 e6 3. Nf3 Bb4+ 4. Nbd2 d5 5. Qa4+ Nc6 6. Qc2 O-O 7. e3 Re8 8.
a3 Bf8 9. b4 e5 10. dxe5 Nxe5 11. Bb2 Nxf3+ 12. Nxf3 Bg4 13. Be2 dxc4 14. Rd1
Qe7 15. Qxc4 Ne4 16. O-O c5 17. h3 Bxf3 18. Bxf3 cxb4 19. axb4 Rac8 20. Qa2 Rc2
21. Qb3 Rec8 22. Bg4 R8c7 23. Rd7 Rxd7 24. Qxc2 Rd2 25. Qc1 Qxb4 26. Bd4 Bc5
27. Bf5 g6 28. Bxe4 Bxd4 29. exd4 Rxd4 30. Qc8+ Kg7 31. Bxb7 a5 32. Bf3 a4 33.
Qb7 Qc5 34. Qc6 Qa7 35. Ra1 1-0

[Event "2. Bundesliga Mitte 2005/2006"]
[Site "?"]
[Date "2006.03.04"]
[Round "8.2"]
[White "Jeric, Simon"]
[Black "Hellmayr, Alois"]
[Result "0-1"]
[WhiteElo "2327"]
[BlackElo "2296"]
[PlyCount "146"]
[EventDate "2006.03.04"]
[SourceDate "2006.03.04"]

1. e4 c5 2. c3 d5 3. exd5 Qxd5 4. d4 e6 5. Nf3 Nf6 6. Be3 cxd4 7. cxd4 Be7 8.
Nc3 Qd6 9. Bd3 Nc6 10. a3 O-O 11. O-O b6 12. Qe2 Bb7 13. Rad1 Rfd8 14. Rfe1
Rac8 15. Bb1 Nd5 16. Ne4 Qc7 17. Neg5 g6 18. Ba2 Bf6 19. Ne4 Bg7 20. h4 Nxe3
21. Qxe3 Ne7 22. h5 Nf5 23. Qg5 Bxe4 24. Rxe4 Qc2 25. Ree1 Qxb2 26. Rd2 Qxa3
27. hxg6 hxg6 28. Rxe6 Kh7 29. Re1 Rd7 30. Qg4 Bh6 31. Rde2 Rc1 32. Bb1 Rd5 33.
Be4 Ra5 34. g3 Rxe1+ 35. Rxe1 Qc3 36. Re2 Kg7 37. Rc2 Qa1+ 38. Kg2 Ne7 39. Qd7
Rh5 40. Nh2 Qa3 41. Rc7 Bg5 42. d5 Qa2 43. Rxa7 Rxh2+ 44. Kxh2 Qxf2+ 45. Bg2
Bf6 46. Qd6 Nf5 47. Qf4 Qe1 48. Ra3 Be5 49. Qg4 b5 50. Rf3 Kf6 51. Qh4+ Kg7 52.
Qg5 f6 53. Qg4 Kh6 54. Rb3 b4 55. Qxb4 Bxg3+ 56. Kh3 Qd1 57. Bf3 Qg1 58. Qd2+
g5 59. Be4 Bf4 60. Qg2 Qd1 61. Qf3 Qg1 62. Qg2 Qe1 63. Kg4 Nh4 64. Rh3 Qd1+ 65.
Qf3 Qg1+ 66. Rg3 Nxf3 67. Rxg1 Nxg1 68. Bd3 Kg7 69. Bc4 Kf8 70. Kf5 Ke7 71. Ke4
Kd6 72. Kf5 Be5 73. Ke4 Nh3 0-1

[Event "2. Bundesliga Mitte 2005/2006"]
[Site "?"]
[Date "2006.03.04"]
[Round "8.2"]
[White "Tkaczuk, Rainer"]
[Black "Tschohl, Christof"]
[Result "1-0"]
[WhiteElo "2277"]
[BlackElo "2142"]
[PlyCount "113"]
[EventDate "2006.03.04"]
[SourceDate "2006.03.04"]

1. e4 e5 2. Nf3 Nc6 3. Nc3 Nf6 4. Bb5 Nd4 5. O-O c6 6. Bd3 Nxf3+ 7. Qxf3 Bd6 8.
Bc4 O-O 9. d3 b5 10. Bb3 Bb7 11. a4 b4 12. Ne2 Bc7 13. Ng3 d5 14. Nf5 Ne8 15.
exd5 Qf6 16. dxc6 Bc8 17. Ne3 Qxf3 18. gxf3 a5 19. Re1 Ra6 20. Nd5 Bd6 21. f4
exf4 22. Bxf4 Bxf4 23. Nxf4 Rxc6 24. f3 Rc5 25. d4 Rg5+ 26. Kf2 Bb7 27. Re5
Rxe5 28. dxe5 Nc7 29. Rd1 Na6 30. Bc4 Nc5 31. b3 h6 32. Nd3 Ne6 33. f4 Rd8 34.
Ke3 Nd4 35. Rd2 Nf5+ 36. Kf2 Kf8 37. e6 fxe6 38. Bxe6 Nd4 39. Ne5 Bc8 40. Bxc8
Rxc8 41. Nd7+ Ke8 42. Rxd4 Rd8 43. Ke3 Rxd7 44. Rxd7 Kxd7 45. Kd4 Kd6 46. Kc4
Kc6 47. f5 h5 48. c3 bxc3 49. Kxc3 h4 50. b4 axb4+ 51. Kxb4 h3 52. Kc4 Kb6 53.
Kd5 Ka5 54. Ke6 Kxa4 55. Kf7 Kb4 56. Kxg7 Kc4 57. f6 1-0

[Event "2. Bundesliga Mitte 2005/2006"]
[Site "?"]
[Date "2006.03.04"]
[Round "8.2"]
[White "Arztmann, Wolfgang"]
[Black "Mittermayr, Gerhard"]
[Result "1-0"]
[WhiteElo "2098"]
[BlackElo "2167"]
[PlyCount "124"]
[EventDate "2006.03.04"]
[SourceDate "2006.03.04"]

1. e4 e6 2. d3 d5 3. Nd2 Nf6 4. Ngf3 Bc5 5. c3 dxe4 6. dxe4 Ng4 7. Nd4 e5 8.
N2b3 Bb6 9. Be2 Qh4 10. g3 Qh3 11. Nf5 Bxf2+ 12. Kd2 Bxf5 13. exf5 Ne3 14. Bb5+
c6 15. Qf3 cxb5 16. Qxf2 Ng4 17. Qf3 Nc6 18. Kc2 O-O 19. Bd2 a5 20. Rae1 a4 21.
Nc5 Rac8 22. Kb1 Rfd8 23. Bg5 f6 24. Bc1 Na5 25. Ne6 Rd6 26. Rd1 e4 27. Qf4
Rxd1 28. Rxd1 Nh6 29. Rd7 Qxf5 30. Qxf5 Nxf5 31. g4 Nh4 32. Rxg7+ Kh8 33. Rf7
Nc4 34. Rxf6 e3 35. Nd4 Re8 36. b3 e2 37. Nxe2 Rxe2 38. bxc4 Kg7 39. Rh6 Nf3
40. cxb5 Ne5 41. Rb6 Nxg4 42. Rxb7+ Kg6 43. Ra7 Rxh2 44. Rxa4 Ne5 45. Bf4 Rh4
46. Ra6+ Kf5 47. Bxe5 Kxe5 48. Rc6 Kd5 49. c4+ Kd4 50. Kb2 Rh2+ 51. Kb3 h5 52.
a4 h4 53. a5 h3 54. Rd6+ Ke5 55. Rd5+ Ke6 56. Kb4 Rb2+ 57. Kc5 Re2 58. Rd6+ Kf5
59. Rh6 Kg4 60. Kd6 h2 61. b6 Ra2 62. b7 Rxa5 1-0

[Event "2. Bundesliga Mitte 2005/2006"]
[Site "?"]
[Date "2006.03.04"]
[Round "8.2"]
[White "Dumancic, Pero"]
[Black "Reiss, Georg"]
[Result "0-1"]
[WhiteElo "2174"]
[BlackElo "2097"]
[PlyCount "85"]
[EventDate "2006.03.04"]
[SourceDate "2006.03.04"]

1. d4 Nf6 2. c4 g6 3. Nc3 Bg7 4. e4 d6 5. Bd3 O-O 6. Nge2 e5 7. d5 Nbd7 8. f3
Ne8 9. Be3 f5 10. exf5 gxf5 11. Qc2 Nc5 12. Bxc5 dxc5 13. Ng3 Nd6 14. O-O-O Bd7
15. Kb1 Qg5 16. Nf1 e4 17. fxe4 Bxc3 18. Qxc3 fxe4 19. Bc2 Rf2 20. Re1 Raf8 21.
Ne3 Qg7 22. Qxg7+ Kxg7 23. Rhg1 a6 24. Kc1 Re8 25. b3 b5 26. Rgf1 Ref8 27. Rg1
Re8 28. Kb2 bxc4 29. bxc4 Ba4 30. Kc3 Bxc2 31. Nxc2 Nxc4 32. Rgf1 Rxf1 33. Rxf1
Nd6 34. Re1 Kf6 35. Rf1+ Kg7 36. Rf2 Rf8 37. Re2 Kf7 38. Ne3 Ke7 39. Nc4 Rf4
40. g3 Rf3+ 41. Re3 Nxc4 42. Kxc4 Rxe3 43. Kxc5 0-1

[Event "2. Bundesliga Mitte 2005/2006"]
[Site "?"]
[Date "2006.03.04"]
[Round "8.3"]
[White "Horvath, Tamas"]
[Black "Zaja, Ivan"]
[Result "1/2-1/2"]
[WhiteElo "2370"]
[BlackElo "2466"]
[PlyCount "48"]
[EventDate "2006.03.04"]
[SourceDate "2006.03.04"]

1. e4 e5 2. Nf3 Nc6 3. Bb5 a6 4. Ba4 Nf6 5. O-O Be7 6. Bxc6 dxc6 7. d3 Nd7 8.
Nbd2 O-O 9. Nc4 f6 10. Nh4 Nc5 11. Nf5 Ne6 12. Be3 Bc5 13. Qe2 g6 14. Bxc5 Nxc5
15. Ng3 Ne6 16. Qe3 Qd4 17. Ne2 Qxe3 18. Nxe3 b6 19. f4 exf4 20. Nxf4 Nxf4 21.
Rxf4 Be6 22. a3 Kg7 23. Rf2 Rad8 24. h3 c5 1/2-1/2

[Event "2. Bundesliga Mitte 2005/2006"]
[Site "?"]
[Date "2006.03.04"]
[Round "8.3"]
[White "Bukal, Vladimir Jr"]
[Black "Meszaros, Tamas"]
[Result "1-0"]
[WhiteElo "2445"]
[BlackElo "2400"]
[PlyCount "56"]
[EventDate "2006.03.04"]
[SourceDate "2006.03.04"]

1. d4 Nf6 2. c4 e6 3. Nc3 Bb4 4. a3 Bxc3+ 5. bxc3 c5 6. e3 d6 7. Bd3 Nc6 8. Ne2
e5 9. e4 O-O 10. d5 Ne7 11. O-O Kh8 12. f3 Nfg8 13. Ng3 Ng6 14. Nf5 Nf4 15. Ra2
Bxf5 16. exf5 Nxd3 17. Qxd3 Qd7 18. g4 Qa4 19. g5 Rab8 20. Rg2 b5 21. cxb5 Rxb5
22. Rg4 Qb3 23. f6 Qb1 24. fxg7+ Kxg7 25. Qe2 Kh8 26. f4 e4 27. f5 Qd3 28. Qxe4
Qxc3 1-0

[Event "2. Bundesliga Mitte 2005/2006"]
[Site "?"]
[Date "2006.03.04"]
[Round "8.3"]
[White "Sandhu, Mario"]
[Black "Bukal, Vladimir Sr"]
[Result "1/2-1/2"]
[WhiteElo "2274"]
[BlackElo "2419"]
[PlyCount "94"]
[EventDate "2006.03.04"]
[SourceDate "2006.03.04"]

1. e4 e6 2. d4 d5 3. Nd2 h6 4. Ngf3 Nf6 5. e5 Nfd7 6. Bd3 c5 7. c3 b6 8. O-O
Ba6 9. Bxa6 Nxa6 10. Qa4 Qc8 11. c4 Nb4 12. dxc5 Bxc5 13. a3 Nd3 14. b4 Be7 15.
cxd5 exd5 16. Qb3 Nf4 17. g3 Ne2+ 18. Kg2 Nxc1 19. Raxc1 Qb7 20. Qc2 O-O 21.
Qc7 Rfb8 22. Nb3 a5 23. bxa5 Bxa3 24. Qxb7 Rxb7 25. a6 Rxa6 26. Rcd1 Nc5 27.
Nxc5 Bxc5 28. Rxd5 Ra2 29. h4 Kf8 30. Nd4 g6 31. Nb3 Rc2 32. Rd2 Rxd2 33. Nxd2
Ke7 34. h5 g5 35. f4 gxf4 36. gxf4 Ke6 37. Kf3 Rd7 38. Ne4 Rd3+ 39. Kg4 Kd5 40.
Kf5 Rh3 41. Nxc5 bxc5 42. Kf6 Rxh5 43. Kxf7 Rxe5 44. fxe5 Kxe5 45. Ke7 c4 46.
Kd7 Kd4 47. Rc1 h5 1/2-1/2

[Event "2. Bundesliga Mitte 2005/2006"]
[Site "?"]
[Date "2006.03.04"]
[Round "8.3"]
[White "Stuhlik, Marko"]
[Black "Frosch, Ronald"]
[Result "1/2-1/2"]
[WhiteElo "2261"]
[BlackElo "2239"]
[PlyCount "46"]
[EventDate "2006.03.04"]
[SourceDate "2006.03.04"]

1. g3 d5 2. Bg2 e6 3. Nf3 Nf6 4. O-O Be7 5. d4 O-O 6. c4 Nbd7 7. Nc3 c6 8. b3
Qa5 9. Qc2 b5 10. Bf4 Ba6 11. Nd2 bxc4 12. bxc4 dxc4 13. Nce4 Nb6 14. Nd6 Nfd5
15. N6xc4 Nxc4 16. Nxc4 Qc3 17. Rfc1 Nxf4 18. gxf4 Qxd4 19. e3 Qxc4 20. Qxc4
Bxc4 21. Rxc4 Rab8 22. Rxc6 Rb2 23. Ra6 Rd8 1/2-1/2

[Event "2. Bundesliga Mitte 2005/2006"]
[Site "?"]
[Date "2006.03.04"]
[Round "8.3"]
[White "Poeltl, Thomas"]
[Black "Mitter, Gerd"]
[Result "1/2-1/2"]
[WhiteElo "2175"]
[BlackElo "2190"]
[PlyCount "36"]
[EventDate "2006.03.04"]
[SourceDate "2006.03.04"]

1. d4 Nf6 2. c4 g6 3. Nc3 d5 4. cxd5 Nxd5 5. e4 Nxc3 6. bxc3 Bg7 7. Rb1 c5 8.
Nf3 O-O 9. Be2 b6 10. Be3 Bb7 11. d5 Bxc3+ 12. Kf1 Nd7 13. h4 Bg7 14. h5 Nf6
15. hxg6 hxg6 16. Ng5 Qc8 17. Qa4 Qd7 18. Qc2 Qc8 1/2-1/2

[Event "2. Bundesliga Mitte 2005/2006"]
[Site "?"]
[Date "2006.03.04"]
[Round "8.3"]
[White "Spirk, Stefan"]
[Black "Wilfling, Hermann"]
[Result "1-0"]
[WhiteElo "2113"]
[BlackElo "2182"]
[PlyCount "99"]
[EventDate "2006.03.04"]
[SourceDate "2006.03.04"]

1. c4 c5 2. Nf3 Nf6 3. g3 b6 4. Bg2 Bb7 5. O-O e6 6. Nc3 Be7 7. d4 cxd4 8. Qxd4
d6 9. e4 a6 10. Qe3 Qc7 11. b3 Nbd7 12. h3 O-O 13. Bb2 Rfe8 14. Rad1 Rad8 15.
Nd4 Bf8 16. Qd2 Nc5 17. Rfe1 Qb8 18. Qc2 Qa8 19. b4 Ncd7 20. f4 Rc8 21. Qe2
Red8 22. Kh2 Qb8 23. Nc2 Qc7 24. Ne3 Qb8 25. a3 Qa8 26. Qf3 Ne8 27. Qe2 Nef6
28. Qf3 Rc7 29. g4 Rdc8 30. g5 Ne8 31. Rc1 f5 32. h4 fxe4 33. Qh3 Nb8 34. Qxe6+
Kh8 35. Ncd5 Nc6 36. Nxb6 Qb8 37. Nxc8 Rxc8 38. Nd5 Nc7 39. Qxe4 Ne7 40. Qd3
Ng6 41. Qg3 Nxd5 42. cxd5 Ne7 43. Qd3 Ng6 44. Kg3 Ne7 45. h5 Rxc1 46. Rxc1 Qe8
47. h6 Qf7 48. Be4 Bxd5 49. Bxd5 Nxd5 50. hxg7+ 1-0

[Event "2. Bundesliga Mitte 2005/2006"]
[Site "?"]
[Date "2006.03.04"]
[Round "8.4"]
[White "Rogic, Davor"]
[Black "Shengelia, Davit"]
[Result "1-0"]
[WhiteElo "2520"]
[BlackElo "2547"]
[PlyCount "73"]
[EventDate "2006.03.04"]
[SourceDate "2006.03.04"]

1. e4 c5 2. Nf3 d6 3. d4 cxd4 4. Nxd4 Nf6 5. Nc3 Nc6 6. Be2 e5 7. Nf3 h6 8. O-O
Be7 9. Re1 O-O 10. h3 Be6 11. Bf1 Qd7 12. Nd5 Bd8 13. c4 Nh7 14. Be3 Ng5 15.
Nxg5 Bxg5 16. Qd2 Bxd5 17. exd5 Bxe3 18. fxe3 Ne7 19. b4 Rac8 20. Rac1 b6 21.
Red1 Kh8 22. Be2 f5 23. c5 bxc5 24. bxc5 Rxc5 25. Rxc5 dxc5 26. d6 Nc8 27. Qd5
Rf6 28. Bc4 Rf8 29. Qxe5 Rd8 30. Be6 Qa4 31. Rd5 Nb6 32. Rxc5 Re8 33. Rc7 Nd7
34. Bb3 Nxe5 35. Bxa4 Rd8 36. d7 Kh7 37. Rc5 1-0

[Event "2. Bundesliga Mitte 2005/2006"]
[Site "?"]
[Date "2006.03.04"]
[Round "8.4"]
[White "Stohl, Igor"]
[Black "Neubauer, Martin"]
[Result "1/2-1/2"]
[WhiteElo "2533"]
[BlackElo "2442"]
[PlyCount "30"]
[EventDate "2006.03.04"]
[SourceDate "2006.03.04"]

1. c4 g6 2. e4 e5 3. Nf3 Bg7 4. d4 exd4 5. Nxd4 Nf6 6. Nc3 O-O 7. Be2 Re8 8. f3
c6 9. Nb3 d5 10. cxd5 cxd5 11. Bg5 h6 12. Bxf6 Qxf6 13. Qxd5 Nc6 14. O-O Be6
15. Qb5 Nd4 1/2-1/2

[Event "2. Bundesliga Mitte 2005/2006"]
[Site "?"]
[Date "2006.03.04"]
[Round "8.4"]
[White "Mazi, Leon"]
[Black "Wittmann, Walter"]
[Result "0-1"]
[WhiteElo "2354"]
[BlackElo "2376"]
[PlyCount "53"]
[EventDate "2006.03.04"]
[SourceDate "2006.03.04"]

1. e4 c5 2. Nf3 d6 3. d4 cxd4 4. Nxd4 Nf6 5. Nc3 Nc6 6. Bg5 e6 7. Qd2 a6 8. f3
Bd7 9. O-O-O Be7 10. h4 h6 11. Be3 h5 12. Kb1 Ne5 13. f4 Neg4 14. Bg1 b5 15.
Bd3 Qb8 16. Nf3 b4 17. Ne2 Bc6 18. Ng5 Qb7 19. Ng3 d5 20. e5 Ne4 21. N3xe4 dxe4
22. Be2 e3 23. Bxe3 Rd8 24. Bd3 Bxg2 25. Nxe6 Rxd3 26. Qxd3 Rh7 27. Bc5 {
Rest unleserlich} 0-1

[Event "2. Bundesliga Mitte 2005/2006"]
[Site "?"]
[Date "2006.03.04"]
[Round "8.4"]
[White "Bawart, Markus"]
[Black "Jurkovic, Hrvoje"]
[Result "0-1"]
[WhiteElo "2358"]
[BlackElo "2435"]
[PlyCount "96"]
[EventDate "2006.03.04"]
[SourceDate "2006.03.04"]

1. Nf3 f5 2. g3 Nf6 3. Bg2 g6 4. O-O Bg7 5. c3 O-O 6. Qb3+ e6 7. d3 c5 8. Nbd2
d5 9. Qa3 b6 10. Rb1 Bb7 11. b4 Nbd7 12. bxc5 Nxc5 13. Nb3 Nfd7 14. Nxc5 Nxc5
15. Be3 Nd7 16. Nd4 Re8 17. c4 Bf8 18. Qb2 Nc5 19. Nb3 dxc4 20. Bxc5 Bxg2 21.
Bxf8 Rxf8 22. Kxg2 cxb3 23. Qxb3 Qd6 24. Rfc1 Rac8 25. Rc2 Rc6 26. Rbc1 Rfc8
27. e4 Kf7 28. h4 a6 29. Kf3 b5 30. Ke3 a5 31. h5 a4 32. Rxc6 Rxc6 33. Qb2 Rxc1
34. Qxc1 Qb6+ 35. Ke2 fxe4 36. dxe4 b4 37. Qf4+ Ke7 38. Qg5+ Kd6 39. Qf4+ Kc6
40. hxg6 hxg6 41. Qf6 Kc5 42. Qxg6 b3 43. Qg5+ Kb4 44. Qe7+ Kc3 45. axb3 axb3
46. Qa3 Qb5+ 47. Ke1 Kc2 48. Qd6 Qd3 0-1

[Event "2. Bundesliga Mitte 2005/2006"]
[Site "?"]
[Date "2006.03.04"]
[Round "8.4"]
[White "Hebesberger, Thomas"]
[Black "Arwanitakis, Michael"]
[Result "1-0"]
[WhiteElo "2317"]
[BlackElo "2286"]
[PlyCount "59"]
[EventDate "2006.03.04"]
[SourceDate "2006.03.04"]

1. c4 g6 2. Nc3 Bg7 3. e4 d6 4. d4 Nf6 5. Bd3 O-O 6. Nge2 e5 7. d5 c5 8. h3 Na6
9. g4 Nc7 10. Ng3 a6 11. Be3 Rb8 12. a4 b6 13. Rg1 Bd7 14. Qe2 Rb7 15. Kf1 Qb8
16. Kg2 b5 17. b3 Kh8 18. Ra2 Ng8 19. Kh1 f6 20. h4 Nh6 21. f3 Ng8 22. Qd2 Qd8
23. Qc1 Qe7 24. Rh2 Qf7 25. Rhg2 Ne7 26. Qf1 bxa4 27. bxa4 Rb3 28. Qa1 Bxa4 29.
Bc2 Nc8 30. Bd2 1-0

[Event "2. Bundesliga Mitte 2005/2006"]
[Site "?"]
[Date "2006.03.04"]
[Round "8.4"]
[White "Manhardt, Thomas"]
[Black "Smole, Albert"]
[Result "0-1"]
[WhiteElo "2161"]
[BlackElo "2127"]
[PlyCount "100"]
[EventDate "2006.03.04"]
[SourceDate "2006.03.04"]

1. e4 e5 2. f4 exf4 3. Nf3 Be7 4. Bc4 Nf6 5. Nc3 O-O 6. d3 Bb4 7. O-O Bxc3 8.
bxc3 d5 9. Bxd5 Nxd5 10. exd5 Qxd5 11. d4 c5 12. Bxf4 Nc6 13. c4 Qxc4 14. Bd6
Re8 15. Bxc5 Bg4 16. Rf2 Rad8 17. Qf1 Qxf1+ 18. Raxf1 b6 19. Ba3 f6 20. c3 Re3
21. h3 Bh5 22. g4 Bf7 23. g5 f5 24. Bb2 g6 25. Re1 Rde8 26. Rxe3 Rxe3 27. h4
Bxa2 28. Kh2 Bd5 29. Ne5 Nxe5 30. dxe5 Bc4 31. Rd2 Rxe5 32. Rd8+ Kf7 33. Ba3
Ra5 34. Bc1 Rd5 35. Rh8 Rd7 36. Rxh7+ Ke6 37. Rh6 Rd1 38. Rxg6+ Ke5 39. Be3 f4
40. Bd4+ Kf5 41. Rf6+ Kg4 42. Be5 Rf1 43. Rd6 Be2 44. Rd4 Rf2+ 45. Kg1 Kg3 46.
Rxf4 Rxf4 47. g6 Kf3 48. Bxf4 Kxf4 49. g7 Bc4 50. Kf2 a5 0-1

[Event "2. Bundesliga Mitte 2005/2006"]
[Site "?"]
[Date "2006.03.04"]
[Round "8.5"]
[White "Mohr, Georg"]
[Black "Konopka, Michal"]
[Result "1/2-1/2"]
[WhiteElo "2472"]
[BlackElo "2489"]
[PlyCount "31"]
[EventDate "2006.03.04"]
[SourceDate "2006.03.04"]

1. c4 e6 2. Nf3 d5 3. d4 Be7 4. Nc3 Nf6 5. cxd5 exd5 6. Bg5 c6 7. e3 h6 8. Bh4
Bf5 9. Bd3 Bxd3 10. Qxd3 Nbd7 11. O-O O-O 12. Rab1 a5 13. a3 Re8 14. Bxf6 Bxf6
15. Rfc1 a4 16. h3 1/2-1/2

[Event "2. Bundesliga Mitte 2005/2006"]
[Site "?"]
[Date "2006.03.04"]
[Round "8.5"]
[White "Heimberger, Reinhard"]
[Black "Pesorda, Ivan"]
[Result "1/2-1/2"]
[WhiteElo "2297"]
[BlackElo "2297"]
[PlyCount "57"]
[EventDate "2006.03.04"]
[SourceDate "2006.03.04"]

1. c4 c5 2. Nc3 Nc6 3. g3 g6 4. Bg2 Bg7 5. Nf3 e6 6. e4 Nge7 7. O-O O-O 8. d3
d6 9. Be3 Nd4 10. Qd2 f5 11. Bh6 Nxf3+ 12. Bxf3 Bxh6 13. Qxh6 e5 14. exf5 Nxf5
15. Bd5+ Kh8 16. Qd2 Nd4 17. f3 Kg7 18. Ne2 Rb8 19. Nxd4 cxd4 20. f4 Bh3 21.
Rf2 b5 22. fxe5 dxe5 23. Rxf8 Qxf8 24. Qa5 bxc4 25. Qc7+ Kh6 26. Qxe5 Rxb2 27.
Qxd4 c3 28. Re1 Re2 29. Qh4+ 1/2-1/2